99 names of Allah Quiz Stats

 Plays Quiz not verified by Sporcle

Challenge
Share
Tweet
Embed
Score 0/100 Timer 20:00
0 Plays Today
Arabic Translation % Correct
اللهThe Greatest Name
75%
الرحيمThe Most Merciful
62.5%
الملكThe King
58.3%
السلامThe Peace, The Source of Safety
58.3%
الرحمنThe Most Beneficent
54.2%
الأولThe First
45.8%
الخالقThe Creator
41.7%
الحقThe Truth, The Reality
41.7%
الأخرThe Last
41.7%
النورThe Light
41.7%
القدوسThe Holy
37.5%
الفتاحThe Opener, The Victory Giver
37.5%
العليمThe All-Knowing
37.5%
السميعThe All-Hearing
37.5%
البصيرThe All-Seeing
37.5%
العدلThe Just
37.5%
اللطيفThe Gentle
37.5%
الكبيرThe Great
37.5%
الكريمThe Generous
37.5%
القويThe Strong
37.5%
الجبارThe Compeller
33.3%
الغفارThe Forgiving
33.3%
القهارThe Subduer
33.3%
الرزاقThe Provider
33.3%
الحكمThe Judge
33.3%
الخبيرThe All-Aware
33.3%
الغفورThe Forgiver
33.3%
الرقيبThe Watchful
33.3%
الودودThe Loving
33.3%
الباعثThe Resurrector
33.3%
الواحدThe (First) One
33.3%
الباطنThe Hidden
33.3%
المصورThe Shaper
29.2%
الرافعThe Exalter
29.2%
Arabic Translation % Correct
المذلThe Giver of Dishonour, The Humiliator
29.2%
الحليمThe Forbearing
29.2%
العظيمThe Magnificent
29.2%
العليThe Exalted
29.2%
المجيبThe Responsive
29.2%
الشهيدThe Witness
29.2%
الوكيلThe Disposer of Affairs, The Ultimate Trustee
29.2%
الحميدThe Praiseworthy
29.2%
المحييThe Giver of Life
29.2%
الحيThe Ever-Living
29.2%
الصمدThe Eternal
29.2%
المؤخرThe Delayer
29.2%
المنتقمThe Avenger
29.2%
الغنيThe Rich
29.2%
الهاديThe Guide
29.2%
الوارثThe Ultimate Inheritor
29.2%
المهيمنThe Guardian
25%
البارئThe Fashioner
25%
الوهابThe Bestower
25%
المعزThe Giver of Honour
25%
الشكورThe Appreciative
25%
الحفيظThe Preserver
25%
الحسيبThe Reckoner
25%
الحكيمThe Wise
25%
المجيدThe Glorious
25%
الوليThe Protecting Friend
25%
المعيدThe Restorer
25%
الاحدThe Sole One
25%
القادرThe Omnipotent
25%
المتعاليThe Supremely Exalted
25%
البرThe Good
25%
التوابThe Acceptor of Repentance
25%
مالك الملكThe Owner of all Dominion
25%
ذو الجلال والإكرامThe Lord of Majesty and Generosity
25%
Arabic Translation % Correct
الجامعThe Gatherer
25%
المغنيThe Enricher
25%
المانعThe Preventer of harm
25%
البديعThe Originator
25%
الباقيThe Everlasting
25%
الرشيدThe Director to the Right Path
25%
الصبورThe Patient
25%
المؤمنThe Granter of Security
20.8%
العزيزThe Almighty
20.8%
المتكبرThe Supremely Great
20.8%
الباسطThe Expander
20.8%
الخَافِضThe Abaser
20.8%
الجليلThe Majestic
20.8%
الواسعThe All-Encompassing
20.8%
المحصيThe Accounter
20.8%
المبدئThe Initiator
20.8%
المميتThe Bringer of Death
20.8%
القيومThe One by Whom all subsist
20.8%
الواجدThe Perceiver
20.8%
المقتدرThe Determiner, The Ordainer
20.8%
المقدمThe Expediter
20.8%
الظاهرThe Manifest, The Evident
20.8%
الواليThe Protecting Lord
20.8%
العفوThe Pardoner
20.8%
الضارThe Distresser
20.8%
النافعThe Benefactor
20.8%
القابضThe Restrainer
16.7%
الماجدThe Illustrious
16.7%
المتينThe Firm
12.5%
الرؤفThe Kind
12.5%
المقيتThe Sustainer
8.3%
المقسطThe Equitable
8.3%

You're not logged in!

Compare scores with friends on all Sporcle quizzes.
OR
Log In

You Might Also Like...

Show Comments

Extras

Top Quizzes Today


Score Distribution

Your Account Isn't Verified!

In order to create a playlist on Sporcle, you need to verify the email address you used during registration. Go to your Sporcle Settings to finish the process.

Report this User

Report this user for behavior that violates our Community Guidelines.

Details: